El Contexto del agro en la economía nacional y su estructura social

Պահպանված է:
Մատենագիտական մանրամասներ
Հիմնական հեղինակ: Montero S, Lilliana
Ձևաչափ: Տեքստ
Հրապարակվել է: San José :
Խորագրեր:
Ցուցիչներ: Ավելացրեք ցուցիչ
Չկան պիտակներ, Եղեք առաջինը, ով նշում է այս գրառումը!

MARC

LEADER 00000 a a2200000 04500
001 14623
003
040
090 |a 021600  
100 |a Montero S, Lilliana  
245 |a El Contexto del agro en la economía nacional y su estructura social  
260 |a San José :  
300 |a 14 p.  
650 |a SECTOR AGROPECUARIO  
650 |a ESTRUCTURA AGRICOLA  
999 |c 1056  |d 1056